000 01686cam a2200373 i 4500
001 18064612
003 EG-ScBUE
005 20240715113857.0
008 140312s2013 enka f b 001 0 eng d
020 _a9781848857063
040 _aUKMGB
_beng
_erda
_cUKMGB
_dYDXCP
_dBDX
_dCDX
_dOCLCO
_dCOO
_dUAB
_dOCLCF
_dNLGGC
_dVVC
_dDLC
_dEG-ScBUE
043 _af-ua---
_ae-uk---
082 0 4 _a962.05
_222
_bWHI
100 1 _aWhidden, James,
_eauthor.
_939998
245 1 0 _aMonarchy and modernity in Egypt :
_bpolitics, Islam and neo-colonialism between the wars /
_cJames Whidden.
264 1 _aLondon ;
_aNew York :
_bI. B. Tauris,
_c2013.
300 _aviii, 235 pages :
_billustrations ;
_c23 cm.
336 _2rdacontent
_atext
_btxt
337 _aunmediated
_2rdamedia
_bn
338 _avolume
_bnc
_2rdacarrier
490 0 _aLibrary of Middle East history ;
_v29
504 _aIncludes bibliographical references and index.
505 0 _aIntroduction -- Historical context -- Democracy, aristocracy, autocracy -- Effendis and notables: the elections -- Radicals and conservatives: the Parliament -- Traditionalism -- Neo-colonialism -- Conclusion.
650 7 _aMonarchy
_zEgypt
_xHistory
_y20th century.
_2BUEsh
650 7 _aIslam
_zEgypt
_xHistory
_y20th century.
_2BUEsh
650 7 _aPolitical parties
_zEgypt
_xHistory
_y20th century.
_2BUEsh
650 7 _aCivilization, Modern
_y20th century.
_2BUEsh
651 7 _aEgypt
_xPolitics and government
_y1919-1952.
_2BUEsh
_934322
651 7 _a Egypt
_xForeign relations
_zGreat Britain.
_2BUEsh
_921127
651 7 _aGreat Britain
_xForeign relations
_zEgypt.
_2BUEsh
_921125
653 _bBUSBOL
_cMay2016
655 _vReading book
942 _2ddc
_cBB
999 _c21762
_d21734